[Event "Michigan Action"]
[Site "Detroit"]
[Date "1990.10.27"]
[Round "1"]
[White "Johnson, Henry"]
[Black "Watkins, David"]
[Result "1-0"]
[WhiteElo "1958"]
[BlackElo "1516"]
[PlyCount "95"]
[EventDate "1990.10.27"]

1. d4 Nf6 2. Bg5 e6 3. e4 h6 4. Bxf6 Qxf6 5. Nf3 c5 6. c3 Nc6 7. e5 Qe7 8. Nbd2
cxd4 9. cxd4 Qb4 10. Qb3 Nxd4 11. Nxd4 Qxd4 12. Qc3 Bc5 13. Qxd4 Bxd4 14. Nc4
O-O 15. Rd1 Bb6 16. Be2 f6 17. O-O fxe5 18. Nxe5 d6 19. Ng6 Rf6 20. Ne7+ Kf8
21. Nxc8 Rxc8 22. Rxd6 Rd8 23. Rxd8+ Bxd8 24. f3 Bb6+ 25. Kh1 Rf4 26. b3 a5 27.
Bc4 Ke7 28. Re1 Rf6 29. Rd1 g5 30. Bb5 e5 31. Rd7+ Kf8 32. Rxb7 Bc5 33. Bc4 Bb4
34. h3 h5 35. Rb5 g4 36. hxg4 hxg4 37. fxg4 e4 38. Rf5 Rxf5 39. gxf5 e3 40. g4
Bc5 41. Kg2 Kg7 42. Kf3 Kf6 43. Kf4 Kg7 44. g5 Kf8 45. f6 Bd4 46. Kf5 Bc3 47.
g6 e2 48. g7+ 1-0

[Event "Michigan Action"]
[Site "Detroit"]
[Date "1990.10.27"]
[Round "3"]
[White "Johnson, Henry"]
[Black "Rogers, Bradley"]
[Result "0-1"]
[WhiteElo "1958"]
[BlackElo "2162"]
[PlyCount "68"]
[EventDate "1990.10.27"]

1. d4 Nf6 2. Bg5 d5 3. Nf3 e6 4. e3 Be7 5. Bd3 c5 6. c3 Nc6 7. Nbd2 h6 8. Bh4
Bd7 9. Qe2 cxd4 10. exd4 Qb6 11. Rb1 a5 12. O-O O-O 13. Ne5 Qd8 14. Ndf3 Nh5
15. Nxc6 bxc6 16. Qe5 g5 17. Bg3 f6 18. Qe2 Nxg3 19. hxg3 Kg7 20. Bc2 Qe8 21.
Qd3 Rh8 22. Rbe1 h5 23. Re3 Qf7 24. Rfe1 Bd6 25. Kf1 Rab8 26. b3 c5 27. dxc5
Bxc5 28. R3e2 e5 29. Nd2 h4 30. Kg1 hxg3 31. Qxg3 Qh5 32. Qh3 Bxh3 33. Nf1 Bxg2
34. Kxg2 Qh3+ 0-1

[Event "Michigan Action"]
[Site "Detroit"]
[Date "1990.10.27"]
[Round "1"]
[White "Helle, Frank"]
[Black "Vaka, Flamur"]
[Result "1-0"]
[WhiteElo "2065"]
[BlackElo "1573"]
[PlyCount "49"]
[EventDate "1990.10.27"]

1. d4 Nf6 2. c4 g6 3. Nc3 Bg7 4. e4 d6 5. Be2 O-O 6. Bg5 Nbd7 7. Qd2 b6 8. g4
Bb7 9. f3 c5 10. d5 Ba6 11. h4 Ne5 12. b3 Rc8 13. Nh3 Qc7 14. f4 Nexg4 15. h5
h6 16. Bh4 Qd7 17. O-O-O Nxh5 18. Rdg1 Ngf6 19. f5 Kh7 20. Bxf6 Bxf6 21. fxg6+
fxg6 22. Ng5+ Kg8 23. Ne6 Rf7 24. Rxg6+ Ng7 25. Qxh6 1-0

[Event "Michigan Action"]
[Site "Detroit"]
[Date "1990.10.27"]
[Round "4"]
[White "Helle, Frank"]
[Black "Bantelon, Ulrich"]
[Result "1/2-1/2"]
[WhiteElo "2065"]
[BlackElo "1865"]
[PlyCount "78"]
[EventDate "1990.10.27"]

1. d4 d5 2. c4 e6 3. Nc3 Nf6 4. Bg5 Be7 5. e3 O-O 6. Rc1 h6 7. Bh4 Ne4 8. Bxe7
Qxe7 9. Nf3 Nxc3 10. Rxc3 c6 11. Bd3 dxc4 12. Rxc4 Nd7 13. O-O e5 14. dxe5 Nxe5
15. Re4 Nxf3+ 16. Qxf3 Be6 17. Bc4 Rad8 18. Rd1 Rxd1+ 19. Qxd1 Rd8 20. Rd4 Rxd4
21. Qxd4 Bxc4 22. Qxc4 Qd6 23. Qd4 Qxd4 24. exd4 Kf8 25. Kf1 Ke7 26. Ke2 Kd6
27. Kd3 Kd5 28. b3 f5 29. f4 g6 30. g3 h5 31. a3 b5 32. Ke3 a6 33. Kd3 a5 34.
Ke3 b4 35. axb4 axb4 36. Kd3 c5 37. dxc5 Kxc5 38. Ke3 Kd5 39. h3 Kc5 1/2-1/2

[Event "Michigan Action"]
[Site "Detroit"]
[Date "1990.10.27"]
[Round "5"]
[White "Golden, Robert"]
[Black "Watkins, David"]
[Result "0-1"]
[WhiteElo "1247"]
[BlackElo "1516"]
[PlyCount "67"]
[EventDate "1990.10.27"]

1. e4 Nf6 2. d3 e6 3. g3 Nc6 4. Bg2 d5 5. Nc3 dxe4 6. dxe4 Qxd1+ 7. Nxd1 Bd7 8.
Nc3 O-O-O 9. Nf3 Bb4 10. Bd2 Bxc3 11. Bxc3 Nxe4 12. O-O Nxc3 13. bxc3 f6 14.
Rab1 e5 15. Nd2 f5 16. Rfe1 e4 17. Nc4 Be6 18. f3 Bxc4 19. fxe4 fxe4 20. Bxe4
Bxa2 21. Rb2 Bd5 22. Bf5+ Kb8 23. Rf1 Rdf8 24. Rb5 Bc4 25. Rc5 Bxf1 26. Kxf1 g6
27. Rd5 Rxf5+ 28. Rxf5 gxf5 29. Kf2 Ne5 30. c4 Ng4+ 31. Kf3 Nxh2+ 32. Kf4 a5
33. Kxf5 a4 34. Ke4 0-1

[Event "Michigan Action"]
[Site "Detroit"]
[Date "1990.10.27"]
[Round "1"]
[White "Golden, Robert"]
[Black "Bantelon, Ulrich"]
[Result "0-1"]
[WhiteElo "1247"]
[BlackElo "1865"]
[PlyCount "98"]
[EventDate "1990.10.27"]

1. e4 c5 2. d3 Nc6 3. g3 d6 4. Bg2 Nf6 5. Nf3 e5 6. O-O Be7 7. b3 O-O 8. Bb2
Be6 9. Nbd2 Qd7 10. c3 Bh3 11. d4 Bxg2 12. Kxg2 exd4 13. cxd4 cxd4 14. Bxd4
Nxd4 15. Nxd4 Rac8 16. Rc1 Rxc1 17. Qxc1 Rc8 18. Qd1 d5 19. Re1 dxe4 20. Nxe4
Rd8 21. Nd2 Bb4 22. N4f3 Bxd2 23. Nxd2 Qxd2 24. Qa1 h6 25. Re7 Rd7 26. Re3 Qd5+
27. Rf3 Ng4 28. Qc3 Ne5 29. Qc8+ Rd8 30. Qxd8+ Qxd8 31. Re3 Qd5+ 32. f3 Qd2+
33. Kh3 Qxe3 34. f4 Ng6 35. Kg2 Qe2+ 36. Kh3 Qxa2 37. b4 Qc4 38. b5 Qxb5 39.
Kg4 a5 40. f5 a4 41. fxg6 a3 42. gxf7+ Kxf7 43. h4 a2 44. Kh3 a1=Q 45. Kg4 Qaa6
46. Kh3 Qf5+ 47. Kg2 Qa2+ 48. Kg1 Qff2+ 49. Kh1 Qh2# 0-1

[Event "Michigan Action"]
[Site "Detroit"]
[Date "1990.10.27"]
[Round "2"]
[White "Golden, Robert"]
[Black "Attaya, Jim"]
[Result "0-1"]
[WhiteElo "1247"]
[BlackElo "1584"]
[PlyCount "85"]
[EventDate "1990.10.27"]

1. e4 c5 2. g3 d6 3. Bg2 Nf6 4. d3 g6 5. Nf3 Bg7 6. O-O O-O 7. b3 Nfd7 8. c3
Nc6 9. Bb2 Qc7 10. d4 b6 11. d5 Nce5 12. Nxe5 Nxe5 13. Nd2 c4 14. Nf3 Nd3 15.
Qd2 b5 16. Ne1 Nxb2 17. Qxb2 b4 18. Qc2 Bxc3 19. Rb1 Ba6 20. bxc4 Qxc4 21. Nf3
Rab8 22. Nd2 Qd3 23. Qxd3 Bxd3 24. Rb3 Bxf1 25. Nxf1 Rfc8 26. Ne3 Rb6 27. Nd1
Bd4 28. h3 Rc2 29. Bf3 Bc5 30. Ne3 Rxa2 31. Nc4 Bxf2+ 32. Kf1 Rb8 33. Be2 Bxg3
34. Ne3 Be5 35. Nc4 Bf6 36. Kf2 a5 37. Kf3 a4 38. Rb1 b3 39. Ke3 a3 40. Bd1 b2
41. Kf4 Ra1 42. Nxa3 Rxa3 43. Bc2 0-1

[Event "Michigan Action"]
[Site "Detroit"]
[Date "1990.10.27"]
[Round "2"]
[White "Foord, Allan"]
[Black "Wysocki, Marc"]
[Result "1/2-1/2"]
[WhiteElo "1684"]
[BlackElo "1487"]
[PlyCount "80"]
[EventDate "1990.10.27"]

1. e4 e5 2. Nf3 f5 3. exf5 e4 4. Qe2 d5 5. d3 Bxf5 6. dxe4 dxe4 7. Bg5 Be7 8.
Bxe7 Qxe7 9. Nd4 Bg6 10. Nc3 Nf6 11. g3 Qb4 12. Nb3 Nd5 13. a3 Qd6 14. Nxd5
Qxd5 15. Rd1 Qe5 16. Bg2 O-O 17. O-O Nc6 18. f4 Qxb2 19. Bxe4 Bxe4 20. Qxe4
Rae8 21. Qc4+ Kh8 22. Rd7 Qxa3 23. Rxc7 Rb8 24. Rd1 Rfe8 25. Qf7 Qf8 26. Qxf8+
Rxf8 27. Rdd7 Rg8 28. Rxb7 Rxb7 29. Rxb7 Rb8 30. Rc7 Nb4 31. Rxa7 Nxc2 32. Kf2
h6 33. Nc5 Nd4 34. Ke3 Nf5+ 35. Kf3 Re8 36. Ra3 Nd4+ 37. Kg4 Nc2 38. Rc3 Ne3+
39. Kf3 Nd5 40. Ra3 Kh7 1/2-1/2

[Event "Michigan Action"]
[Site "Detroit"]
[Date "1990.10.27"]
[Round "3"]
[White "Foord, Allan"]
[Black "Vaka, Flamur"]
[Result "0-1"]
[WhiteElo "1684"]
[BlackElo "1573"]
[PlyCount "102"]
[EventDate "1990.10.27"]

1. e4 e5 2. Nf3 Nc6 3. Bb5 Nf6 4. O-O a6 5. Ba4 b5 6. Bb3 Bc5 7. Re1 O-O 8. c3
Re8 9. d4 exd4 10. cxd4 Bb6 11. Nc3 d6 12. Bg5 Bg4 13. Qd3 Bxf3 14. Qxf3 Nxd4
15. Qg3 Nxb3 16. axb3 Kh8 17. Nd5 Re6 18. Nxb6 cxb6 19. Rac1 Qd7 20. f3 h6 21.
Be3 Rb8 22. Re2 Rb7 23. Rec2 d5 24. Rd2 Rc6 25. Rxc6 Qxc6 26. exd5 Nxd5 27. Qe5
Nxe3 28. Qxe3 Qc5 29. Kf2 Re7 30. Qxc5 bxc5 31. Rd6 Re6 32. Rd5 Rc6 33. Ke3 Kg8
34. Rd8+ Kh7 35. Kd3 Kg6 36. Rd5 Kf6 37. h4 Ke6 38. Rd8 Rd6+ 39. Rxd6+ Kxd6 40.
Ke3 Kd5 41. g3 a5 42. h5 b4 43. Kd3 f5 44. f4 Kd6 45. Kc4 Kc6 46. Kd3 Kb5 47.
Kd2 a4 48. bxa4+ Kxa4 49. Kc2 c4 50. Kd2 Kb3 51. Kc1 c3 0-1

[Event "Michigan Action"]
[Site "Detroit"]
[Date "1990.10.27"]
[Round "5"]
[White "Foord, Allan"]
[Black "Stockham, James"]
[Result "0-1"]
[WhiteElo "1684"]
[BlackElo "1833"]
[PlyCount "92"]
[EventDate "1990.10.27"]

1. e4 e5 2. Nf3 Nc6 3. Bb5 a6 4. Ba4 Nf6 5. O-O Be7 6. Re1 b5 7. Bb3 O-O 8. c3
d6 9. d4 Bg4 10. dxe5 Nxe5 11. Nbd2 Nfd7 12. h3 Bh5 13. g4 Bg6 14. Nxe5 dxe5
15. Nf3 Bd6 16. Bg5 Qc8 17. Nh4 Nc5 18. Bc2 Ne6 19. Nxg6 hxg6 20. Bh4 Nf4 21.
Kh2 Kh7 22. Bg3 g5 23. Bxf4 gxf4 24. f3 Qd8 25. Qe2 Qh4 26. Qg2 Kg6 27. Bd3 Rh8
28. Rh1 Bc5 29. a4 c6 30. axb5 axb5 31. b4 Bb6 32. c4 Bd4 33. Ra5 Bb6 34. Raa1
bxc4 35. Bxc4 Rad8 36. Rhd1 Rd4 37. Rxd4 Bxd4 38. Ra6 f6 39. Rxc6 Rd8 40. Bd5
Rb8 41. Rc4 Rb6 42. Bg8 Ra6 43. Rc2 Ra1 44. Rd2 Rg1 45. Qxg1 Bxg1+ 46. Kxg1
Qe1+ 0-1

[Event "Michigan Action"]
[Site "Detroit"]
[Date "1990.10.27"]
[Round "5"]
[White "El-murr, Toni"]
[Black "Rogers, Bradley"]
[Result "1/2-1/2"]
[WhiteElo "1943"]
[BlackElo "2162"]
[PlyCount "66"]
[EventDate "1990.10.27"]

1. c4 Nf6 2. Nc3 g6 3. g3 c6 4. Bg2 Bg7 5. Nf3 O-O 6. O-O d6 7. d3 Nbd7 8. Bd2
Qc7 9. Qc1 Re8 10. Rb1 a5 11. b3 e5 12. Bg5 Nf8 13. Ne4 Nxe4 14. dxe4 f5 15.
Nh4 Ne6 16. exf5 Nd4 17. Re1 Nxf5 18. Nxf5 Bxf5 19. e4 Be6 20. Qd2 a4 21. Red1
Bf8 22. Rbc1 axb3 23. axb3 c5 24. Ra1 Qg7 25. Ra5 h6 26. Be3 Kh7 27. Rda1 Rxa5
28. Rxa5 b6 29. Ra6 Qb7 30. Qa2 Re7 31. Ra8 Bg7 32. Qa6 b5 33. Qxb7 Rxb7
1/2-1/2

[Event "Michigan Action"]
[Site "Detroit"]
[Date "1990.10.27"]
[Round "1"]
[White "El-murr, Toni"]
[Black "Deerfield, Steve"]
[Result "1-0"]
[WhiteElo "1943"]
[BlackElo "1471"]
[PlyCount "45"]
[EventDate "1990.10.27"]

1. d4 Nf6 2. c4 c5 3. d5 b5 4. cxb5 a6 5. g3 axb5 6. Bg2 d6 7. Nf3 g6 8. O-O
Bg7 9. Qb3 Nbd7 10. Re1 O-O 11. Nbd2 Qb6 12. Nf1 c4 13. Qd1 Ne4 14. Be3 Ndc5
15. Qc2 f5 16. Nd4 Bxd4 17. Bxd4 e5 18. dxe6 Bxe6 19. f3 Ng5 20. Qd2 h6 21. h4
Nh7 22. Qxh6 Bf7 23. Qg7# 1-0

[Event "Michigan Action"]
[Site "Detroit"]
[Date "1990.10.27"]
[Round "2"]
[White "El-murr, Toni"]
[Black "Brooks, John"]
[Result "0-1"]
[WhiteElo "1945"]
[BlackElo "2233"]
[PlyCount "92"]
[EventDate "1990.10.27"]

1. d4 Nf6 2. Nf3 e6 3. g3 c5 4. Bg2 cxd4 5. O-O d5 6. Nxd4 Be7 7. Nc3 O-O 8.
Bf4 Nc6 9. Nxc6 bxc6 10. Re1 Nd7 11. e4 e5 12. Bc1 d4 13. Ne2 Qb6 14. b3 Bb4
15. Bd2 Ba3 16. Nc1 Ba6 17. c4 dxc3 18. Bxc3 Rad8 19. Qf3 Rfe8 20. Ne2 Nc5 21.
Rad1 Bd3 22. Qe3 Bb4 23. Bxb4 Qxb4 24. f3 Bc2 25. Rc1 Nd3 26. Rf1 Nxc1 27. Rxc1
Qd2 28. Qxd2 Rxd2 29. Nc3 Red8 30. Bf1 Bd3 31. h4 Bxf1 32. Kxf1 Rh2 33. Kg1
Rdd2 34. Nd1 Rdg2+ 35. Kf1 Rc2 36. Rxc2 Rxc2 37. a4 a5 38. g4 g6 39. Ne3 Rb2
40. Nc4 Rxb3 41. Nxe5 c5 42. Ke2 Rb4 43. Nd3 Rxa4 44. Nxc5 Rc4 45. Nb3 a4 46.
Na1 Rc1 0-1

[Event "Michigan Action"]
[Site "Detroit"]
[Date "1990.10.27"]
[Round "5"]
[White "Deerfield, Steve"]
[Black "Rosenberg, Steve"]
[Result "0-1"]
[WhiteElo "1471"]
[BlackElo "1784"]
[PlyCount "58"]
[EventDate "1990.10.27"]

1. e4 Nf6 2. e5 Nd5 3. c4 Nb6 4. d4 d6 5. f4 dxe5 6. fxe5 c5 7. d5 e6 8. Nc3
exd5 9. Nxd5 Qh4+ 10. Kd2 Qd4+ 11. Ke1 Qh4+ 12. g3 Qe4+ 13. Ne2 Na6 14. Nxb6
axb6 15. Qd5 Qxd5 16. cxd5 Nb4 17. Nf4 Nc2+ 18. Kd2 Nxa1 19. Bb5+ Kd8 20. d6
Rxa2 21. Bc4 Ra4 22. b3 Ra2+ 23. Kc3 Bf5 24. Bb2 Nc2 25. Bxf7 g6 26. Ne6+ Kd7
27. Nf4 Bg7 28. b4 Bxe5+ 29. Kb3 Rxb2+ 0-1

[Event "Michigan Action"]
[Site "Detroit"]
[Date "1990.10.27"]
[Round "2"]
[White "Deerfield, Steve"]
[Black "Mohammed, Azziem"]
[Result "0-1"]
[WhiteElo "1471"]
[BlackElo "1676"]
[PlyCount "48"]
[EventDate "1990.10.27"]

1. e4 b6 2. d4 Bb7 3. Nc3 e6 4. Bd3 Bb4 5. Nge2 Nf6 6. O-O h6 7. f3 Qe7 8. Be3
d5 9. exd5 Nxd5 10. Nxd5 Bxd5 11. c3 Bd6 12. Re1 Nd7 13. Nf4 Bxf4 14. Bxf4
O-O-O 15. c4 Bb7 16. Re3 Qf6 17. Be5 Nxe5 18. Rxe5 Rxd4 19. Re3 Rhd8 20. Rc1
Qf4 21. Qe2 Rxd3 22. Rxd3 Qxc1+ 23. Kf2 Rxd3 24. Qxd3 Qxb2+ 0-1

[Event "Michigan Action"]
[Site "Detroit"]
[Date "1990.10.27"]
[Round "6"]
[White "Deerfield, Steve"]
[Black "Golden, Robert"]
[Result "1-0"]
[WhiteElo "1471"]
[BlackElo "1247"]
[PlyCount "65"]
[EventDate "1990.10.27"]

1. e4 e5 2. Nf3 d6 3. d4 Nc6 4. dxe5 g6 5. exd6 cxd6 6. Bg5 Nf6 7. Bb5 Bg7 8.
Bf4 d5 9. e5 Nd7 10. Qxd5 O-O 11. O-O Nb6 12. Qb3 Qe7 13. Re1 Be6 14. c4 Na5
15. Qa3 Naxc4 16. Qxe7 Nxb2 17. Qxf8+ Rxf8 18. Nc3 N2c4 19. Bxc4 Nxc4 20. Nd4
Bg4 21. e6 Bxd4 22. exf7+ Rxf7 23. Bh6 Bxf2+ 24. Kh1 Bxe1 25. Rxe1 Ne5 26. h3
Bd7 27. Rxe5 Rf6 28. Re7 Bc6 29. Rg7+ Kh8 30. Re7 Rf2 31. Ne4 Re2 32. Bg7+ Kg8
33. Nf6# 1-0

[Event "Michigan Action"]
[Site "Detroit"]
[Date "1990.10.27"]
[Round "2"]
[White "Clanton, Waleed"]
[Black "Vaughn, Gerald"]
[Result "1/2-1/2"]
[WhiteElo "1247"]
[BlackElo "1542"]
[PlyCount "70"]
[EventDate "1990.10.27"]

1. e4 e6 2. Nf3 Nf6 3. g3 d5 4. d3 Bc5 5. Bg5 O-O 6. Nfd2 h6 7. Bxf6 Qxf6 8.
Nf3 Qxb2 9. Nbd2 Qb6 10. Qe2 dxe4 11. Nxe4 Bd6 12. Nxd6 Qxd6 13. Bg2 Nc6 14.
O-O b6 15. Qe4 f5 16. Qc4 Bb7 17. Rfe1 Rf6 18. Re2 Re8 19. Nd2 Kh8 20. Bxc6
Bxc6 21. Re3 Bd5 22. Qd4 f4 23. Re2 c5 24. Qa4 Qc6 25. Qxc6 Bxc6 26. gxf4 Rxf4
27. Kf1 Rg4 28. h3 Rh4 29. Re3 e5 30. Rg3 Bd7 31. Kg2 Bc6+ 32. Kf1 Bd7 33. Kg2
Bc6+ 34. Kf1 Bd7 35. Kg2 Bc6+ 1/2-1/2

[Event "Michigan Action"]
[Site "Detroit"]
[Date "1990.10.27"]
[Round "6"]
[White "Clanton, Waleed"]
[Black "Overby, Glenn"]
[Result "1-0"]
[WhiteElo "1247"]
[BlackElo "1154"]
[PlyCount "65"]
[EventDate "1990.10.27"]

1. e4 c5 2. Nc3 Nf6 3. d3 d6 4. Nf3 e6 5. g3 d5 6. Bg5 Be7 7. Bxf6 Bxf6 8. exd5
exd5 9. Qd2 Be6 10. Bg2 O-O 11. O-O Na6 12. Rfe1 d4 13. Ne4 Be7 14. Neg5 Bxg5
15. Nxg5 Bd5 16. c3 Bxg2 17. Kxg2 dxc3 18. bxc3 h6 19. Nf3 Re8 20. Rxe8+ Qxe8
21. Qe1 Qxe1 22. Rxe1 f6 23. Re7 b5 24. Rb7 b4 25. cxb4 cxb4 26. Nd4 Rd8 27.
Ne6 Rxd3 28. Rxg7+ Kh8 29. Rxa7 Rd6 30. Ng7 Nc5 31. Ne8 Rd8 32. Nxf6 Nd3 33.
Rh7# 1-0

[Event "Michigan Action"]
[Site "Detroit"]
[Date "1990.10.27"]
[Round "4"]
[White "Clanton, Waleed"]
[Black "Deerfield, Steve"]
[Result "0-1"]
[WhiteElo "1247"]
[BlackElo "1471"]
[PlyCount "70"]
[EventDate "1990.10.27"]

1. e4 d6 2. Nf3 Nf6 3. d3 g6 4. g3 Bg7 5. Bg2 O-O 6. O-O Nbd7 7. Nbd2 c5 8. Nb3
Qc7 9. Qe2 Ne8 10. Be3 Ne5 11. c3 Bd7 12. Nbd2 Rd8 13. Bf4 Ng4 14. Nc4 e5 15.
Bg5 f6 16. Bd2 f5 17. Rab1 f4 18. Rbe1 Be6 19. Bc1 d5 20. exd5 Bxd5 21. b3 Rf5
22. Ncd2 Nef6 23. Nxe5 Nxe5 24. Qxe5 Rxe5 25. Bxd5+ Rdxd5 26. Nc4 Rxe1 27. Rxe1
fxg3 28. fxg3 Rxd3 29. Bb2 Nd5 30. a4 Nxc3 31. Rf1 Ne2+ 32. Kf2 Nxg3 33. hxg3
Qxg3+ 34. Ke2 Bxb2 35. Nxb2 Qe3# 0-1

[Event "Michigan Action"]
[Site "Detroit"]
[Date "1990.10.27"]
[Round "1"]
[White "Carvell, John"]
[Black "Lewis, James"]
[Result "0-1"]
[WhiteElo "1465"]
[BlackElo "1840"]
[PlyCount "54"]
[EventDate "1990.10.27"]

1. d4 Nf6 2. c4 g6 3. Nc3 Bg7 4. e4 d6 5. Nf3 O-O 6. Be2 Nc6 7. d5 Ne5 8. Be3
Neg4 9. Bg5 h6 10. Bxf6 Nxf6 11. Nh4 e5 12. g4 Nxe4 13. Nxe4 Qxh4 14. h3 h5 15.
Ng3 hxg4 16. Bxg4 Qf6 17. Ne4 Qf4 18. Qe2 Bf5 19. Ng3 Bxg4 20. hxg4 e4 21. Qc2
e3 22. Rf1 Rae8 23. fxe3 Qxg3+ 24. Rf2 Rxe3+ 25. Kf1 Qh3+ 26. Kg1 Rg3+ 27. Rg2
Bd4+ 0-1

[Event "Michigan Action"]
[Site "Detroit"]
[Date "1990.10.27"]
[Round "3"]
[White "Carvell, John"]
[Black "Golden, Robert"]
[Result "0-1"]
[WhiteElo "1465"]
[BlackElo "1247"]
[PlyCount "56"]
[EventDate "1990.10.27"]

1. d4 d5 2. c4 c6 3. Nc3 e6 4. Bf4 g6 5. Nf3 Bg7 6. e3 Nf6 7. Ne5 Nbd7 8. Be2
O-O 9. O-O Nxe5 10. Bxe5 b6 11. f4 dxc4 12. Bxc4 c5 13. Qf3 Bd7 14. dxc5 bxc5
15. Rad1 Qb6 16. Bxf6 Bc6 17. Nd5 exd5 18. Bxd5 Bxd5 19. Rxd5 Bxf6 20. b3 Rad8
21. e4 Rxd5 22. exd5 c4+ 23. Kh1 cxb3 24. axb3 a5 25. Re1 Bg7 26. h3 Rb8 27.
Rd1 Bd4 28. Rd3 Rd8 0-1

[Event "Michigan Action"]
[Site "Detroit"]
[Date "1990.10.27"]
[Round "5"]
[White "Carvell, John"]
[Black "Clanton, Waleed"]
[Result "1-0"]
[WhiteElo "1465"]
[BlackElo "1247"]
[PlyCount "50"]
[EventDate "1990.10.27"]

1. d4 Nc6 2. Nf3 d5 3. Bf4 e6 4. Nc3 Bb4 5. Qd3 Bxc3+ 6. Qxc3 Bd7 7. e3 Qe7 8.
Bd3 Qb4 9. O-O Qxc3 10. bxc3 O-O-O 11. Ne5 Rf8 12. Rab1 Nxe5 13. Bxe5 f6 14.
Bg3 Bc6 15. f4 Ne7 16. Rfe1 Kb8 17. c4 dxc4 18. Bxc4 Bd5 19. Bd3 Bxa2 20. Rb2
Bd5 21. e4 Bc6 22. d5 exd5 23. exd5 Nxd5 24. Re6 Re8 25. Rxc6 Re7 1-0

[Event "Michigan Action"]
[Site "Detroit"]
[Date "1990.10.27"]
[Round "6"]
[White "Carvell, John"]
[Black "Attaya, Jim"]
[Result "0-1"]
[WhiteElo "1465"]
[BlackElo "1584"]
[PlyCount "62"]
[EventDate "1990.10.27"]

1. d4 c5 2. d5 d6 3. Nf3 g6 4. g3 Bg7 5. Bg2 Nf6 6. c4 O-O 7. O-O Nbd7 8. Nc3
Rb8 9. Qc2 a6 10. a4 b6 11. Rb1 Re8 12. Bg5 Ng4 13. Bh3 Nge5 14. Nxe5 Nxe5 15.
Bxc8 Qxc8 16. Nd1 Qh3 17. f3 e6 18. Nf2 Qh5 19. f4 Ng4 20. h3 Nxf2 21. Rxf2
Qxh3 22. Rh2 Qxg3+ 23. Kh1 Qe3 24. Bh4 Qxf4 25. e4 exd5 26. exd5 Re4 27. Be1
Rbe8 28. Bd2 Qf3+ 29. Rg2 Rh4+ 30. Kg1 Bd4+ 31. Rf2 Qh1# 0-1

[Event "Michigan Action"]
[Site "Detroit"]
[Date "1990.10.27"]
[Round "2"]
[White "Calton, Bill"]
[Black "Skidmore, Jennifer"]
[Result "1-0"]
[WhiteElo "2047"]
[BlackElo "1802"]
[PlyCount "55"]
[EventDate "1990.10.27"]

1. e4 e5 2. f4 exf4 3. Nf3 d6 4. d4 Be7 5. Bxf4 Bg4 6. Bd3 Nf6 7. O-O Nc6 8. c3
O-O 9. Nbd2 Nd7 10. Qc2 g6 11. Bh6 Re8 12. Qb3 Nb6 13. Ng5 d5 14. Nxf7 Qd7 15.
e5 Be6 16. Qc2 Bxf7 17. Rxf7 Kxf7 18. Bxg6+ Kg8 19. Bxh7+ Kh8 20. Bf5 Qd8 21.
Qd1 Bg5 22. Qh5 Bxh6 23. Qxh6+ Kg8 24. Bh7+ Kf7 25. Rf1+ Ke7 26. Qf6+ Kd7 27.
Bf5+ Re6 28. Qxe6# 1-0

[Event "Michigan Action"]
[Site "Detroit"]
[Date "1990.10.27"]
[Round "4"]
[White "Calton, Bill"]
[Black "Mohammed, Azziem"]
[Result "1/2-1/2"]
[WhiteElo "2047"]
[BlackElo "1676"]
[PlyCount "70"]
[EventDate "1990.10.27"]

1. c4 b6 2. Nc3 e5 3. Nf3 Nc6 4. g3 Bb7 5. Bg2 Nf6 6. O-O Be7 7. Nd5 O-O 8.
Nxe7+ Qxe7 9. d4 Nxd4 10. Nxd4 Bxg2 11. Kxg2 exd4 12. Qxd4 Qe4+ 13. Qxe4 Nxe4
14. Bf4 d6 15. f3 Nc5 16. Be3 Nd7 17. Bg1 Rfe8 18. e4 a5 19. Bd4 Ne5 20. Bxe5
Rxe5 21. Rfe1 Rae8 22. Kf2 Rc5 23. Rac1 f6 24. Red1 Kf7 25. Rd5 Re5 26. g4
Rexd5 27. exd5 b5 28. b3 bxc4 29. bxc4 c6 30. dxc6 Rxc6 31. Ke3 Ke6 32. Kd4 Rc5
33. Rb1 h5 34. h3 h4 35. f4 f5 1/2-1/2

[Event "Michigan Action"]
[Site "Detroit"]
[Date "1990.10.27"]
[Round "4"]
[White "Brooks, John"]
[Black "Noren, Kevin"]
[Result "0-1"]
[WhiteElo "2233"]
[BlackElo "2301"]
[PlyCount "102"]
[EventDate "1990.10.27"]

1. d4 Nf6 2. c4 g6 3. Nc3 Bg7 4. e4 d6 5. Be2 O-O 6. Be3 e5 7. d5 a5 8. b3 Na6
9. a3 Nc5 10. Bf3 Ne8 11. Nge2 b6 12. O-O f5 13. b4 axb4 14. axb4 Rxa1 15. Qxa1
Nd3 16. Qb1 Nf4 17. Nc1 Nf6 18. Rd1 Ng4 19. h3 Nxe3 20. fxe3 fxe4 21. Bxe4 Nh5
22. Qd3 Qg5 23. Bf3 Rxf3 24. Ne4 Qxe3+ 25. Kh1 Qxd3 26. Nxd3 Re3 27. Ng5 Bf5
28. Nf2 Nf4 29. c5 bxc5 30. bxc5 h6 31. cxd6 cxd6 32. Nf3 Nxh3 33. Nxh3 Bxh3
34. Nh4 Bf5 35. Rg1 Rd3 36. Rf1 Be4 37. Re1 Bxd5 38. Nxg6 Kf7 39. Nh4 Rd2 40.
Rf1+ Ke6 41. Kh2 Bf6 42. Nf3 Bxf3 43. Rxf3 e4 44. Rb3 Be5+ 45. Kg1 d5 46. Kf1
d4 47. Rb6+ Kd5 48. Rxh6 d3 49. Rh3 Bd4 50. Rh5+ Kc4 51. Rf5 Rd1# 0-1

[Event "Michigan Action"]
[Site "Detroit"]
[Date "1990.10.27"]
[Round "1"]
[White "Brooks, John"]
[Black "Foord, Allan"]
[Result "1-0"]
[WhiteElo "2233"]
[BlackElo "1684"]
[PlyCount "39"]
[EventDate "1990.10.27"]

1. d4 Nf6 2. c4 g6 3. Nc3 d5 4. cxd5 Nxd5 5. e4 Nxc3 6. bxc3 Bg7 7. Bb5+ Bd7 8.
Qb3 Nc6 9. Bc4 O-O 10. Qxb7 Na5 11. Qa6 Nxc4 12. Qxc4 Rb8 13. a4 e6 14. Nf3 Qe8
15. Ba3 c5 16. Bxc5 Qc8 17. O-O Qc7 18. Qa2 Rfc8 19. Qa3 a5 20. Bd6 1-0

[Event "Michigan Action"]
[Site "Detroit"]
[Date "1990.10.27"]
[Round "1"]
[White "Boyce, Alroy"]
[Black "Thompson, Dexter"]
[Result "0-1"]
[WhiteElo "1751"]
[BlackElo "2295"]
[PlyCount "42"]
[EventDate "1990.10.27"]

1. e4 e5 2. Nf3 Nc6 3. d4 exd4 4. Bc4 Nf6 5. Ng5 d5 6. exd5 Na5 7. Qxd4 Nxc4 8.
Qxc4 Qxd5 9. Qxd5 Nxd5 10. c3 Be7 11. O-O O-O 12. Nf3 Bf5 13. Re1 Rfe8 14. Nbd2
Nf4 15. Nd4 Bg6 16. N2f3 Nd3 17. Nb5 Nxe1 18. Nxc7 Nc2 19. Rb1 Red8 20. Bg5
Bxg5 21. Nxa8 Bf4 0-1

[Event "Michigan Action"]
[Site "Detroit"]
[Date "1990.10.27"]
[Round "6"]
[White "Boyce, Alroy"]
[Black "Stancil, Rod"]
[Result "0-1"]
[WhiteElo "1751"]
[BlackElo "1774"]
[PlyCount "74"]
[EventDate "1990.10.27"]

1. e4 Nf6 2. e5 Nd5 3. d4 d6 4. c4 Nb6 5. f4 dxe5 6. fxe5 Nc6 7. Be3 Bf5 8. Nc3
e6 9. Nf3 Qd7 10. a3 O-O-O 11. Bd3 Bg4 12. Be4 Nxc4 13. Bg5 Be7 14. Bxe7 Qxe7
15. Qb3 Bxf3 16. Bxf3 N4a5 17. Qd1 Rxd4 18. Qc2 Nxe5 19. O-O Nxf3+ 20. Rxf3 Qc5
21. Kh1 f6 22. b4 Qg5 23. bxa5 Rd2 24. Rg3 Rxc2 25. Rxg5 fxg5 26. Nb5 a6 27.
Nd4 Rc5 28. Nxe6 Rxa5 29. Nxg7 Kd7 30. h3 h5 31. Rf1 Rxa3 32. Rf7+ Kc6 33. Ne6
g4 34. hxg4 hxg4+ 35. Kg1 g3 36. Nd4+ Kb6 37. Kf1 Re3 0-1

[Event "Michigan Action"]
[Site "Detroit"]
[Date "1990.10.27"]
[Round "4"]
[White "Boyce, Alroy"]
[Black "Golden, Robert"]
[Result "1-0"]
[WhiteElo "1751"]
[BlackElo "1247"]
[PlyCount "64"]
[EventDate "1990.10.27"]

1. e4 e5 2. Nf3 d6 3. d4 g6 4. Bc4 Bg7 5. dxe5 Ne7 6. O-O O-O 7. exd6 cxd6 8.
c3 b6 9. Bf4 d5 10. exd5 Bb7 11. Bg5 Qd7 12. Bxe7 Qxe7 13. Re1 Qd6 14. Qd3 Nd7
15. Nbd2 Nf6 16. Ng5 Bxd5 17. Nde4 Qd8 18. Nxf6+ Bxf6 19. Qxd5 Bxg5 20. Qxd8
Raxd8 21. Rad1 Rxd1 22. Rxd1 Re8 23. g3 Kg7 24. Rd7 Re7 25. Rd6 Bf6 26. Kf1 h6
27. Bd3 Rb7 28. Ke2 b5 29. Ra6 b4 30. Be4 Re7 31. Kd3 bxc3 32. bxc3 Rd7+ 1-0

[Event "Michigan Action"]
[Site "Detroit"]
[Date "1990.10.27"]
[Round "2"]
[White "Baze, Lineas"]
[Black "Stockham, James"]
[Result "1/2-1/2"]
[WhiteElo "2126"]
[BlackElo "1833"]
[PlyCount "45"]
[EventDate "1990.10.27"]

1. c4 e5 2. Nc3 Nf6 3. Nf3 Nc6 4. d4 exd4 5. Nxd4 Nxd4 6. Qxd4 Be7 7. e4 d6 8.
Be2 O-O 9. O-O Bd7 10. f3 Bc6 11. Be3 Nd7 12. Nd5 Nc5 13. Nxe7+ Qxe7 14. b4 Ne6
15. Qd2 b6 16. Rac1 Bb7 17. c5 dxc5 18. bxc5 Rfd8 19. Qb2 Nf8 20. Bf4 Ne6 21.
Be3 Nf8 22. Bf4 Ne6 23. Be3 1/2-1/2